00400nam a2200157Ia 4500003000400000008004100004040001600045082001300061100002200074245004600096260002800142300001000170490002500180650001500205650002200220GCL140319s9999 xx 000 0 eng d aGCL / cGCL04a843bK Z1 aKOESTLER, ARTHUER10aLE ZERO ET L'INFINI / cKOESTLER, ARTHUER a[S.N] : bCALMANN- LEVY a318 P aLE LIVRE DE POCHEv004aLITERATURE04aFRENCH LITERATURE